00373nas a22001217a 4500008004100000022001400041245005200055260008500107300000900192310001500201546001400216650002100230130227t20059999ag ||||| |||| 00| 0 spa d a1666-3799 aHD Publicación cientifica del Hospital Durand aBuenos Aires:bComité de Docencia e Investigación del Hospital Durand,c2005 av. : atrimestral aespañol aMEDICINA INTERNA